[Event "Druzynowe Mistrzostwa Polski Szkol - Licealiada"]
[Site "Szklarska Poreba"]
[Date "1899-12-30"]
[Round "3.9"]
[White "Nocon, Kacper"]
[Black "Bartlomowicz, Jakub"]
[Result "0-1"]
[WhiteTitle "II"]
[BlackTitle "I"]
[WhiteElo "1266"]
[BlackElo "1439"]

1. e4 c5 2. Nf3 Nc6 3. d4 cxd4 4. Nxd4 g6 5. Nc3 Bg7 6. Be3 Nf6 7. f3 O-O 8. Bc4
e6 9. Qd2 d5 10. exd5 exd5 11. Bb3 Re8 12. O-O-O Be6 13. h4 Ne5 14. Bh6 Nc4 15.
Bxc4 dxc4 16. Bxg7 Kxg7 17. g4 h5 18. Nxe6+ fxe6 19. Qg5 Qe7 20. gxh5 Nxh5 21.
Qe5+ Kf7 22. Ne4 Red8 23. Ng5+ Kg8 24. Qxe6+ Qxe6 25. Nxe6 Re8 26. Ng5 Re7 27.
Rd4 b5 28. Rd6 Kg7 29. Rhd1 Rae8 30. Ne4 Nf4 31. Rd7 Ng2 32. h5 Ne3 33. Rxe7+
Rxe7 34. Rg1 Re6 35. Rxg6+ Rxg6 36. hxg6 Kxg6 37. Nd6 a6 38. Ne8 Nd5 39. Nd6 Kg5
40. Kd2 Kf4 41. Ke2 Nb4 42. Ne4 Nxc2 43. Nc5 Nd4+ 44. Kf2 a5 45. Nb7 a4 46. Nd6
Ke5 47. Ne4 Kf4 48. Nd6 Ke5 49. Ne4 b4 50. Ke3 Nf5+ 51. Kd2 Kd4 52. Ng5 c3+ 53.
bxc3+ bxc3+ 54. Kc1 Kd3 55. Ne4 Nd4 56. Nc5+ Kc4 57. Nxa4 Ne2+ 58. Kc2 Nd4+ 59.
Kc1 c2 60. f4 Kb4 61. Nb2 Ka3 62. f5 Kxa2 63. f6 Kb3 64. Nd3 Kc3 65. Nf4 Nb3#
0-1

[Event "Druzynowe Mistrzostwa Polski Szkol - Licealiada"]
[Site "Szklarska Poreba"]
[Date "1899-12-30"]
[Round "3.13"]
[White "Kozlak, Mateusz"]
[Black "Wilgosz, Jan"]
[Result "0-1"]
[WhiteTitle "III"]
[BlackTitle "II+"]
[WhiteElo "1025"]
[BlackElo "1328"]

1. e4 e5 2. Nf3 Nc6 3. Bc4 Nf6 4. Nc3 Bc5 5. O-O d6 6. d3 Bg4 7. h3 Bh5 8. Be3
Bb6 9. Nd5 Na5 10. Bxb6 axb6 11. Ne3 Nxc4 12. Nxc4 Nd7 13. b4 Qf6 14. Ncd2 Nf8
15. Qe2 Ne6 16. Qe3 O-O 17. c3 Ra3 18. Rfc1 Rfa8 19. Rc2 b5 20. Nb1 R3a6 21. a3
Bxf3 22. Qxf3 Qxf3 23. gxf3 Nf4 24. d4 Nxh3+ 25. Kf1 Nf4 26. Rca2 b6 27. Nd2 c5
28. d5 cxb4 29. cxb4 Rc8 30. a4 Rxa4 31. Rxa4 bxa4 32. Ke1 b5 33. Rb1 Nd3+ 34.
Ke2 Nf4+ 35. Ke1 Rc2 36. Kd1 Rc3 37. Rb2 Nd3 38. Rc2 Nxf2+ 39. Kc1 Nd3+ 40. Kb1
Rxc2 41. Kxc2 Nxb4+ 42. Kc3 Na6 43. Nb1 h5 44. Na3 b4+ 45. Kb2 bxa3+ 46. Kxa3
h4 47. Kxa4 h3 0-1

[Event "Druzynowe Mistrzostwa Polski Szkol - Licealiada"]
[Site "Szklarska Poreba"]
[Date "1899-12-30"]
[Round "3.14"]
[White "Kawalko, Adam"]
[Black "Fiedorek, Michal"]
[Result "0-1"]
[WhiteTitle "I++"]
[BlackTitle "FM"]
[WhiteElo "1607"]
[BlackElo "1787"]

1. e4 c5 2. Nf3 Nc6 3. d4 cxd4 4. Nxd4 Nf6 5. Nc3 d6 6. Be2 e5 7. Nb3 Be7 8. O-O
O-O 9. Be3 a5 10. Nd2 Be6 11. Na4 d5 12. Bb6 Qc8 13. exd5 Nxd5 14. Ne4 Nf4 15.
Bf3 Nb4 16. c3 Nbd5 17. Bc5 Rd8 18. Qc2 Bxc5 19. Nexc5 b5 20. Nxe6 fxe6 21. Nb6
Nxb6 22. Bxa8 Qxa8 23. f3 Nbd5 24. Rfe1 Ng6 25. Rad1 Qa7+ 26. Kh1 Qc5 27. Qe4
Rc8 28. h4 Nf6 29. Qe3 Qxe3 30. Rxe3 h5 31. Red3 Nd5 32. g3 Kf7 33. Kg2 Kf6 34.
Kf2 Rc4 35. R1d2 a4 36. a3 Nge7 37. Re2 Nf5 38. Rd1 Nfe7 39. Re4 Rxe4 40. fxe4
Nb6 41. b3 axb3 42. Rb1 Nc4 43. Rxb3 Nc8 44. Rxb5 N8d6 45. Rb3 Nxe4+ 46. Kg2 Ned2
47. Rb8 Nxa3 48. Rf8+ Ke7 49. Rh8 g6 50. Rh7+ Kf6 51. Rh8 Nac4 52. Rf8+ Ke7 53.
Rg8 Kf7 54. Rd8 e4 55. Kf2 e5 56. Ke2 Nf3 57. Rc8 Nd6 58. Rc7+ Ke6 59. c4 Nh2
60. c5 Nb5 61. Rc6+ Kd5 62. Rxg6 Nd4+ 63. Kf2 Ng4+ 64. Kf1 e3 65. Rg5 e2+ 66.
Ke1 Nh2 67. Rf5 Nxf5 0-1

[Event "Druzynowe Mistrzostwa Polski Szkol - Licealiada"]
[Site "Szklarska Poreba"]
[Date "1899-12-30"]
[Round "3.15"]
[White "Lewandowski, Wiktor"]
[Black "Kawaler, Adam"]
[Result "0-1"]
[WhiteTitle "I"]
[BlackTitle "I"]
[WhiteElo "1617"]
[BlackElo "1675"]

1. e4 c6 2. d4 d5 3. exd5 cxd5 4. Bd3 Nc6 5. c3 Nf6 6. Bf4 g6 7. Nd2 Bg7 8. Ngf3
Nh5 9. Bg3 Nxg3 10. hxg3 Bg4 11. Qb3 Qd7 12. Nf1 O-O 13. Ne3 Bxf3 14. gxf3 e5
15. dxe5 Nxe5 16. Be2 d4 17. cxd4 Qxd4 18. Rd1 Qb6 19. Qxb6 axb6 20. a3 Nc6 21.
O-O Bxb2 22. Rb1 Bxa3 23. Rxb6 Nd4 24. Bd1 Rfb8 25. Nc2 Bc5 26. Rb1 b5 27. Nxd4
Bxd4 28. Bb3 Bc3 29. Rfd1 Rd8 30. Kf1 Kg7 31. Ke2 h5 32. Rxd8 Rxd8 33. Rd1 Rxd1
34. Kxd1 g5 35. Ke2 h4 36. Kf1 f5 37. gxh4 gxh4 38. Kg2 Kf6 39. Kh3 Kg5 40. Bd5
Bf6 41. Kg2 Kf4 42. Bb3 b4 43. Bd5 Ke5 44. Bb3 0-1

[Event "Druzynowe Mistrzostwa Polski Szkol - Licealiada"]
[Site "Szklarska Poreba"]
[Date "1899-12-30"]
[Round "4.1"]
[White "Skowron, Mateusz"]
[Black "Wilgosz, Jan"]
[Result "1-0"]
[WhiteTitle "I"]
[BlackTitle "II+"]
[WhiteElo "1555"]
[BlackElo "1328"]

1. f4 Nf6 2. Nf3 g6 3. Nc3 d5 4. e3 Bg7 5. b3 O-O 6. Bb2 c5 7. Bd3 Nc6 8. a3 a6
9. O-O b5 10. Qe1 c4 11. Be2 Bf5 12. Rc1 cxb3 13. cxb3 Na5 14. Nd4 Bc8 15. Qh4
Bb7 16. f5 Nc6 17. fxg6 hxg6 18. Nxc6 Bxc6 19. Bd3 Qd7 20. Ne2 Rac8 21. Nf4 Qg4
22. Qxg4 Nxg4 23. Bxg7 Kxg7 24. Bxg6 e5 25. Bf5 exf4 26. Bxg4 f5 27. Bh3 Bd7 28.
Rxc8 Rxc8 29. Rxf4 Kg6 30. g4 fxg4 31. Bxg4 Bxg4 32. Rxg4+ Kf5 33. Rd4 Ke5 34.
a4 Rg8+ 35. Kf2 Rh8 36. h4 Rf8+ 37. Kg3 Rg8+ 38. Rg4 Rc8 39. h5 Rc2 40. Rd4 Rc6
41. Kg4 Rf6 42. Kg5 Rf5+ 43. Kg6 Rf2 44. h6 Rg2+ 45. Kh5 Rh2+ 46. Rh4 Rg2 47.
h7 Kf5 48. h8=Q Rg5+ 49. Kh6 Rg6+ 50. Kh7 bxa4 51. Rf4+ 1-0

[Event "Druzynowe Mistrzostwa Polski Szkol - Licealiada"]
[Site "Szklarska Poreba"]
[Date "1899-12-30"]
[Round "4.2"]
[White "Kawalko, Adam"]
[Black "Kukula, Karol"]
[Result "1/2-1/2"]
[WhiteTitle "I++"]
[BlackTitle "I"]
[WhiteElo "1607"]
[BlackElo "1705"]

1. e4 c5 2. Nf3 e6 3. d4 cxd4 4. Nxd4 Nf6 5. Nc3 Nc6 6. Be3 Bb4 7. Nxc6 bxc6 8.
Bd3 d5 9. exd5 cxd5 10. O-O O-O 11. Bd4 Bb7 12. a3 Bd6 13. Re1 a6 14. g3 Re8 15.
f4 Rc8 16. Qd2 Bc5 17. Bxc5 Rxc5 18. Qf2 Rc6 19. Qd4 Qb6 20. Ne2 Qxd4+ 21. Nxd4
Rb6 22. b4 Rc8 23. f5 exf5 24. Nxf5 Kf8 25. Re2 Ne4 26. Rae1 g6 27. Nd4 Rc3 28.
Bxe4 dxe4 29. Re3 Rc4 30. c3 Rd6 31. Kf2 f5 1/2-1/2

[Event "Druzynowe Mistrzostwa Polski Szkol - Licealiada"]
[Site "Szklarska Poreba"]
[Date "1899-12-30"]
[Round "4.3"]
[White "Szeliga, Sebastian"]
[Black "Kawaler, Adam"]
[Result "1-0"]
[WhiteTitle "I"]
[BlackTitle "I"]
[WhiteElo "1404"]
[BlackElo "1675"]

1. e4 c6 2. Nf3 d5 3. exd5 cxd5 4. d4 Bg4 5. Be2 Nf6 6. h3 Bxf3 7. Bxf3 Nc6 8.
O-O Qb6 9. c3 e6 10. Qb3 Bd6 11. Bg5 Nd7 12. Nd2 h6 13. Be3 O-O 14. Qxb6 Nxb6
15. Be2 Na5 16. Rab1 Rfc8 17. Rfc1 Nac4 18. Bxc4 Nxc4 19. Nxc4 dxc4 20. Kf1 a5
21. Rd1 Kf8 22. Ke2 a4 23. Rdc1 Ke7 24. Kd2 Kd7 25. b3 cxb3 26. axb3 a3 27. Ra1
Kc6 28. Ra2 b5 29. b4 Kd5 30. Kd3 e5 31. Rca1 Rc4 32. Rxa3 e4+ 33. Kd2 Rxa3 34.
Rxa3 Rxb4 35. cxb4 Bxb4+ 36. Rc3 f5 37. Kc2 Bxc3 38. Kxc3 b4+ 39. Kxb4 f4 40.
Bxf4 Kxd4 41. Be3+ 1-0

[Event "Druzynowe Mistrzostwa Polski Szkol - Licealiada"]
[Site "Szklarska Poreba"]
[Date "1899-12-30"]
[Round "4.5"]
[White "Bartlomowicz, Jakub"]
[Black "Kozlak, Mateusz"]
[Result "1-0"]
[WhiteTitle "I"]
[BlackTitle "III"]
[WhiteElo "1439"]
[BlackElo "1025"]

1. e4 e5 2. Nf3 Nc6 3. Bc4 h6 4. c3 Bc5 5. d4 exd4 6. cxd4 Bb6 7. O-O d6 8. Re1
Bg4 9. h3 Bh5 10. Bb5 a6 11. Bxc6+ bxc6 12. Be3 Ne7 13. Nc3 d5 14. exd5 cxd5 15.
Qa4+ Qd7 16. Qxd7+ Kxd7 17. Ne5+ Kc8 18. g4 Bg6 19. f4 f6 20. Nxg6 Nxg6 21. Nxd5
Re8 22. Rac1 Kb7 23. Rc3 Rad8 24. Nxb6 cxb6 25. Rec1 Re7 26. Kf2 Rde8 27. d5 Nh4
28. d6 Rxe3 29. Rxe3 Rd8 30. Rc7+ Kb8 31. Rxg7 f5 32. Kg3 fxg4 33. hxg4 Kc8 34.
Kxh4 Rxd6 35. Re8+ Rd8 36. Rxd8+ Kxd8 37. Rg6 1-0

[Event "Druzynowe Mistrzostwa Polski Szkol - Licealiada"]
[Site "Szklarska Poreba"]
[Date "1899-12-30"]
[Round "4.8"]
[White "Lascar, Maria Elena"]
[Black "Wasala, Wiktoria"]
[Result "1-0"]
[WhiteTitle "I+"]
[BlackTitle "I"]
[WhiteElo "1478"]
[BlackElo "1315"]

1. e4 Nf6 2. e5 Nd5 3. d4 d6 4. c4 Nb6 5. exd6 exd6 6. Nc3 Be7 7. Bd3 Nc6 8. Nge2
O-O 9. b3 Bf6 10. Be3 Re8 11. O-O Bg4 12. Qd2 Nb4 13. Bb1 c5 14. f3 Qe7 15. Ne4
Bf5 16. a3 Nc6 17. Bc2 cxd4 18. Nxd4 Nxd4 19. Bxd4 Bxd4+ 20. Qxd4 Rad8 21. Rfe1
Qh4 22. g3 Qh6 23. Rad1 d5 24. cxd5 Rxd5 25. Nf6+ Qxf6 26. Rxe8# 1-0

[Event "Druzynowe Mistrzostwa Polski Szkol - Licealiada"]
[Site "Szklarska Poreba"]
[Date "1899-12-30"]
[Round "4.9"]
[White "Kozak, Antoni"]
[Black "Nocon, Kacper"]
[Result "1-0"]
[WhiteTitle "m"]
[BlackTitle "II"]
[WhiteElo "2236"]
[BlackElo "1266"]

1. e4 e6 2. f4 d5 3. e5 c5 4. Nf3 Nc6 5. c3 d4 6. Bd3 Nge7 7. Be4 Bd7 8. Na3 Ng6
9. d3 a6 10. h4 b5 11. Nc2 Qb6 12. a4 Rc8 13. axb5 axb5 14. cxd4 cxd4 15. Bd2
Nge7 16. Kf1 Nf5 17. Rh3 h5 18. Be1 Nb4 19. Bxb4 Rxc2 20. Bxf5 Bxb4 21. Qxc2 exf5
22. Ra8+ Ke7 23. Rxh8 1-0

[Event "Druzynowe Mistrzostwa Polski Szkol - Licealiada"]
[Site "Szklarska Poreba"]
[Date "1899-12-30"]
[Round "4.10"]
[White "Nocon, Jakub"]
[Black "Dzwierzynski, Bartosz"]
[Result "0-1"]
[WhiteTitle "II"]
[BlackTitle "I"]
[WhiteElo "1265"]
[BlackElo "1906"]

1. c4 Nf6 2. Nc3 g6 3. g3 c5 4. Bg2 Bg7 5. e4 Nc6 6. Nge2 d6 7. d3 Bd7 8. O-O Qc8
9. f4 Bh3 10. Bd2 h5 11. Nd5 Nxd5 12. exd5 Nd4 13. Bc3 h4 14. Nxd4 cxd4 15. Be1
hxg3 16. Bxg3 Bxg2 17. Kxg2 Qd7 18. a4 Bf6 19. Qf3 Rh5 20. b4 a5 21. b5 b6 22.
Rf2 O-O-O 23. Raf1 Rdh8 24. Kg1 Rh3 25. Rg2 Qf5 26. Rd1 g5 27. Kf2 gxf4 28. Qxf4
Qh5 29. Rd2 Bg5 30. Qf5+ e6 31. dxe6 Be3+ 32. Kf1 0-1

[Event "Druzynowe Mistrzostwa Polski Szkol - Licealiada"]
[Site "Szklarska Poreba"]
[Date "1899-12-30"]
[Round "4.11"]
[White "Chlebowicz, Szymon"]
[Black "Truty, Dominik"]
[Result "1/2-1/2"]
[WhiteTitle "III"]
[BlackTitle "III"]
[WhiteElo "1112"]
[BlackElo "1177"]

1. d4 Nf6 2. Nc3 g6 3. e4 d6 4. Nf3 Bg7 5. Be3 O-O 6. Bd3 c5 7. dxc5 dxc5 8. Bxc5
Qc7 9. Bd4 Nc6 10. Bxf6 Bxf6 11. Qd2 Rd8 12. Nd5 Rxd5 13. exd5 Bxb2 14. Rb1 Ne5
15. Rxb2 Bg4 16. Be2 Bxf3 17. gxf3 Nxf3+ 18. Bxf3 Qe5+ 19. Be2 Qxb2 20. c4 Qb1+
21. Qd1 Qxa2 22. O-O Rc8 23. Qd3 Rc5 24. Rb1 Rxc4 25. Rxb7 Qa1+ 26. Rb1 Rc1+ 27.
Rxc1 Qxc1+ 28. Qd1 Qxd1+ 29. Bxd1 Kg7 30. Kg2 Kf6 31. Kf3 Ke5 32. Bb3 a5 33. Ke3
a4 34. f4+ Kd6 35. Ba2 e6 36. dxe6 fxe6 1/2-1/2

[Event "Druzynowe Mistrzostwa Polski Szkol - Licealiada"]
[Site "Szklarska Poreba"]
[Date "1899-12-30"]
[Round "4.13"]
[White "Koziorowicz, Michal"]
[Black "Stolarski, Cyprian"]
[Result "1-0"]
[WhiteTitle "k"]
[BlackTitle "III"]
[WhiteElo "1997"]
[BlackElo "1486"]

1. e4 e6 2. d4 d5 3. Nd2 Nc6 4. Ngf3 Be7 5. Bd3 Nf6 6. e5 Nd7 7. c3 O-O 8. Nf1
f6 9. exf6 Nxf6 10. Ng3 Bd6 11. O-O Bxg3 12. fxg3 h6 13. Bf4 g5 14. Be5 Ng4 15.
Qe2 Bd7 16. h3 Ngxe5 17. Nxe5 Rxf1+ 18. Rxf1 Nxe5 19. Qxe5 Qe7 20. Qxc7 b6 21.
Kh2 b5 22. Bxb5 Rd8 23. Qxa7 Qe8 24. Bd3 e5 25. dxe5 Qxe5 26. Qb6 Rf8 27. Qg6+
Qg7 28. Rxf8+ Kxf8 29. Qxg7+ Kxg7 30. Kg1 Be6 31. a4 Kf7 32. Kf2 Ke7 33. Ke3 Kd6
34. Kd4 Bd7 35. a5 h5 36. Be2 h4 37. g4 Bc6 38. b4 Bb7 39. b5 Ke6 40. Bf3 Ba8
41. c4 Kd6 42. c5+ Ke6 43. c6 Kd6 44. Bxd5 Bxc6 45. Bxc6 Ke6 46. a6 Kd6 47. a7
Kc7 48. Kc5 Kc8 49. Kd6 Kd8 50. a8=N Kc8 51. Nc7 Kb8 52. Ne6 Ka7 53. Kc5 Kb8 54.
Kb6 Kc8 55. Be8 Kb8 56. Bd7 Ka8 57. Nc7+ Kb8 58. Na6+ Ka8 59. Bc6# 1-0

[Event "Druzynowe Mistrzostwa Polski Szkol - Licealiada"]
[Site "Szklarska Poreba"]
[Date "1899-12-30"]
[Round "4.14"]
[White "Lesniak, Kacper"]
[Black "Dzida, Kamil"]
[Result "0-1"]
[WhiteTitle "II"]
[BlackTitle "k+"]
[WhiteElo "1530"]
[BlackElo "1884"]

1. e4 c5 2. Nf3 d6 3. c3 Nf6 4. Qc2 Bg4 5. Be2 Nc6 6. h3 Bh5 7. d3 e6 8. Bg5 Be7
9. Nbd2 Rc8 10. O-O O-O 11. Rac1 d5 12. exd5 Nxd5 13. Bxe7 Qxe7 14. Rfe1 Rfd8
15. Nb3 b6 16. d4 Nf4 17. Qe4 Nxe2+ 18. Rxe2 cxd4 19. cxd4 Bxf3 20. gxf3 Nxd4
21. Ree1 Rxc1 22. Nxc1 Qg5+ 23. Kh2 Qf5 24. Qxf5 Nxf5 25. Nb3 Kf8 26. Rc1 Ke7
27. Rc7+ Rd7 28. Rc4 e5 29. Kg2 g5 30. Re4 f6 31. a4 Nh4+ 32. Kf1 Nxf3 33. Ke2
Nd4+ 34. Nxd4 Rxd4 35. Rxd4 exd4 36. Kd3 Ke6 37. Kxd4 h5 38. f3 f5 39. Ke3 Kd5
40. b4 a6 41. Kd3 g4 42. fxg4 fxg4 43. hxg4 hxg4 44. Ke3 Kc4 45. a5 b5 46. Kf4
Kxb4 47. Kxg4 Kc3 48. Kf3 b4 49. Ke2 Kc2 50. Ke3 b3 51. Kd4 b2 52. Kc5 b1=Q 53.
Kc6 Qb5+ 54. Kc7 Qxa5+ 55. Kb7 Qb5+ 56. Ka7 a5 57. Ka8 a4 58. Ka7 a3 0-1

[Event "Druzynowe Mistrzostwa Polski Szkol - Licealiada"]
[Site "Szklarska Poreba"]
[Date "1899-12-30"]
[Round "4.15"]
[White "Majdanski, Maksymilian"]
[Black "Zielaskowski, Damian"]
[Result "1-0"]
[WhiteTitle "I"]
[BlackTitle "II"]
[WhiteElo "1778"]
[BlackElo "1255"]

1. d4 Nf6 2. c4 e6 3. g3 d5 4. Bg2 b6 5. Nf3 Bb7 6. O-O Bd6 7. Nc3 O-O 8. Qc2 Nbd7
9. Rd1 c5 10. cxd5 exd5 11. Bg5 h6 12. Bf4 Bxf4 13. gxf4 Re8 14. e3 Qb8 15. Ne5
cxd4 16. Nxd7 Nxd7 17. Rxd4 Nf6 18. Nxd5 Nxd5 19. Bxd5 Bxd5 20. Rxd5 Qb7 21. Rad1
Rac8 22. Qb3 Qc6 23. Qd3 Qe6 24. f5 Qf6 25. Qd4 Qg5+ 26. Kh1 Qh5 27. Qf4 Rc5 28.
e4 Qe2 29. R5d4 Qxb2 30. f6 Rg5 31. fxg7 Rxg7 32. Rd8 Qb5 33. Qxh6 Qe5 34. Qe3
Rh7 35. Rxe8+ Qxe8 36. Rg1+ Rg7 37. Rxg7+ Kxg7 38. e5 Qc6+ 39. f3 Qc2 40. h4 Qxa2
41. Qg5+ Kf8 42. h5 Qa1+ 43. Kh2 Qb2+ 44. Kg3 Qb1 45. Qe3 Qh1 46. h6 Qh5 47. Qf4
Qg6+ 48. Kh4 Qg1 49. e6 Qh1+ 50. Kg5 Qg2+ 51. Kf6 Qg6+ 52. Ke5 Qxe6+ 53. Kd4 Qd7+
54. Ke3 Qe6+ 55. Kf2 Qa2+ 56. Kg3 Qe6 57. Qb8+ Qe8 58. Qxe8+ 1-0

[Event "Druzynowe Mistrzostwa Polski Szkol - Licealiada"]
[Site "Szklarska Poreba"]
[Date "1899-12-30"]
[Round "5.1"]
[White "Stolarski, Cyprian"]
[Black "Skowron, Mateusz"]
[Result "1-0"]
[WhiteTitle "III"]
[BlackTitle "I"]
[WhiteElo "1486"]
[BlackElo "1555"]

1. e4 c5 2. Bc4 e6 3. Nc3 a6 4. a4 Nc6 5. Nf3 d6 6. O-O g6 7. d4 cxd4 8. Nxd4 Bg7
9. Nxc6 bxc6 10. Qf3 Ne7 11. Bg5 O-O 12. Bf6 Bb7 13. Bxg7 Kxg7 14. Rfd1 d5 15.
e5 Qc7 16. Qf6+ Kg8 17. Bd3 c5 18. h4 Nc6 19. f4 Qd8 20. Qxd8 Rfxd8 21. Be2 Nb4
22. Rd2 Bc6 23. Na2 Rdb8 24. Bf3 Nxa2 25. Rxa2 Rb4 26. g3 Rab8 27. b3 c4 28. bxc4
Rxc4 29. a5 Rb1+ 30. Kf2 Bb5 31. Be2 Rc5 32. Bxb5 Rbxb5 33. Rd1 Rxa5 34. Rxa5
Rxa5 35. Rb1 Rb5 36. Rxb5 axb5 37. Ke3 f6 38. Kd4 Kf7 39. Kc5 h5 40. Kxb5 fxe5
41. fxe5 g5 42. Kc5 gxh4 43. gxh4 Kg6 44. Kd6 Kf5 45. c3 Kg4 46. Kxe6 Kxh4 47.
Kxd5 Kg3 48. e6 h4 49. e7 h3 50. e8=Q 1-0

[Event "Druzynowe Mistrzostwa Polski Szkol - Licealiada"]
[Site "Szklarska Poreba"]
[Date "1899-12-30"]
[Round "5.2"]
[White "Kukula, Karol"]
[Black "Lesniak, Kacper"]
[Result "1-0"]
[WhiteTitle "I"]
[BlackTitle "II"]
[WhiteElo "1705"]
[BlackElo "1530"]

1. e4 e6 2. d4 d5 3. Nd2 c5 4. exd5 exd5 5. Bb5+ Nc6 6. Ngf3 Nf6 7. O-O Be7 8.
dxc5 O-O 9. Nb3 a6 10. Bxc6 bxc6 11. Be3 Bg4 12. h3 Bh5 13. Nbd4 Qc8 14. b4 Ne4
15. c4 dxc4 16. Qc2 f5 17. Qxc4+ Bf7 18. Qc2 Bf6 19. Rad1 Rb8 20. a3 Bd5 21. Bf4
Rb7 22. Be5 Bxe5 23. Nxe5 Re7 24. Nc4 Rd8 25. Nb6 Qc7 26. Nxf5 Rf7 27. Nxd5 cxd5
28. Ne3 Rfd7 29. Rxd5 Rxd5 30. Nxd5 Rxd5 31. Qxe4 Qd7 32. Re1 Rd1 33. Rxd1 Qxd1+
34. Kh2 Qd8 35. Qe6+ Kh8 36. Qxa6 Qf8 37. Qd6 Qa8 38. c6 h6 39. c7 1-0

[Event "Druzynowe Mistrzostwa Polski Szkol - Licealiada"]
[Site "Szklarska Poreba"]
[Date "1899-12-30"]
[Round "5.3"]
[White "Zielaskowski, Damian"]
[Black "Szeliga, Sebastian"]
[Result "1/2-1/2"]
[WhiteTitle "II"]
[BlackTitle "I"]
[WhiteElo "1255"]
[BlackElo "1404"]

1. e4 c5 2. Nf3 e6 3. d4 cxd4 4. Nxd4 Nc6 5. Nc3 Bb4 6. Nxc6 bxc6 7. Qd4 Bxc3+
8. bxc3 Qf6 9. Qb4 Qe7 10. Qd4 Qf6 11. e5 Qe7 12. a4 f6 13. Ba3 Qf7 14. Rb1 fxe5
15. Qxe5 Qf6 16. Qh5+ g6 17. Qc5 Qe7 18. Qe5 Qf6 19. Qc5 Qe7 20. Qe5 Qf6 21. Qc5
Qe7 1/2-1/2

[Event "Druzynowe Mistrzostwa Polski Szkol - Licealiada"]
[Site "Szklarska Poreba"]
[Date "1899-12-30"]
[Round "5.4"]
[White "Hryn, Aleksandra"]
[Black "Lesniak, Angelika"]
[Result "1/2-1/2"]
[WhiteTitle "I+"]
[BlackTitle "I"]
[WhiteElo "1473"]
[BlackElo "1416"]

1. e4 d5 2. exd5 Nf6 3. Nc3 Nxd5 4. d4 Nxc3 5. bxc3 c6 6. Nf3 Bg4 7. Be2 e6 8.
Bf4 Bd6 9. Qd2 Bxf3 10. Bxf3 Bxf4 11. Qxf4 Nd7 12. O-O O-O 13. Rfe1 Rc8 14. c4
Nb6 15. c5 Nd5 16. Qe5 Re8 17. Rab1 Qd7 18. Rb3 Qc7 19. Qh5 Rb8 20. Qh4 Qd8 21.
Qxd8 Rexd8 22. Reb1 Rd7 23. c3 Kf8 24. g3 Rc7 25. Kf1 Ke8 26. Ke2 g6 27. Kd3 Kd7
28. Bxd5 exd5 29. a4 a6 30. Rb6 Kc8 31. Re1 Kd7 32. Re3 Re8 33. Rxe8 Kxe8 34.
Rb2 Re7 35. c4 dxc4+ 36. Kxc4 Kd8 37. a5 Kc7 38. Kd3 Re6 39. f4 f5 40. Rd2 Kd7
41. h3 h6 42. g4 Re4 43. Rf2 Kc7 44. h4 Re7 45. h5 gxh5 46. gxf5 Rf7 47. Ke4 Re7+
48. Kd3 Rf7 49. Ke4 Re7+ 50. Kf3 Rf7 51. Ke4 Re7+ 52. Kf3 Rf7 53. Ke4 1/2-1/2

[Event "Druzynowe Mistrzostwa Polski Szkol - Licealiada"]
[Site "Szklarska Poreba"]
[Date "1899-12-30"]
[Round "5.5"]
[White "Nocon, Kacper"]
[Black "Koziorowicz, Michal"]
[Result "0-1"]
[WhiteTitle "II"]
[BlackTitle "k"]
[WhiteElo "1266"]
[BlackElo "1997"]

1. c4 f5 2. d4 Nf6 3. g3 e6 4. Bg2 d6 5. Nf3 Be7 6. O-O O-O 7. Nc3 Ne4 8. Qc2 Nxc3
9. Qxc3 a5 10. b3 Nc6 11. Bb2 Bf6 12. Rad1 Qe8 13. a3 e5 14. dxe5 dxe5 15. Qc2
Qh5 16. e4 f4 17. c5 Be6 18. Rfe1 g5 19. Bf1 Qxf3 20. Be2 Qxb3 21. Qc1 Rad8 22.
Rxd8 Rxd8 23. Rd1 Rxd1+ 24. Bxd1 Qc4 25. Qxc4 Bxc4 26. gxf4 gxf4 27. Bg4 Kf7 28.
Kg2 Be6 29. Bh5+ Ke7 30. Bc3 Kd7 31. f3 Be7 32. Be1 Bxc5 33. a4 b6 34. h4 Ne7
35. Bg4 Ng8 36. Kh3 Nf6 37. Bc3 Bd6 38. Be1 h5 39. Bxe6+ Kxe6 40. Kg2 Nd7 41.
Bc3 Nc5 42. Kf2 Nxa4 43. Ba1 Kd7 44. Ke2 Kc6 45. Kd3 Kb5 46. Kc2 c5 47. Kb3 c4+
48. Ka2 Kc5 49. Kb1 b5 50. Ka2 b4 51. Kb1 c3 52. Kc2 Kc4 53. Kc1 b3 54. Kb1 Ba3
55. Bb2 c2+ 56. Ka1 Bxb2# 0-1

[Event "Druzynowe Mistrzostwa Polski Szkol - Licealiada"]
[Site "Szklarska Poreba"]
[Date "1899-12-30"]
[Round "5.6"]
[White "Dzida, Kamil"]
[Black "Nocon, Jakub"]
[Result "1-0"]
[WhiteTitle "k+"]
[BlackTitle "II"]
[WhiteElo "1884"]
[BlackElo "1265"]

1. Nf3 c5 2. e4 Nc6 3. Bb5 g6 4. O-O Bg7 5. Re1 e5 6. Bxc6 dxc6 7. d3 Ne7 8. h3
Be6 9. Nc3 Qd7 10. Be3 b6 11. a4 O-O 12. Qd2 f5 13. Bh6 Rad8 14. Bxg7 Kxg7 15.
Nxe5 Qc8 16. exf5 Nxf5 17. Ne4 c4 18. Qc3 Nd4 19. dxc4 Kg8 20. c5 Bf5 21. Nd6
Rxd6 22. cxd6 Nxc2 23. Nxc6 Qd7 24. Re7 Be4 25. Rxd7 Bd3 26. Rg7+ Kh8 27. Rxa7+
Kg8 28. Qg7# 1-0

[Event "Druzynowe Mistrzostwa Polski Szkol - Licealiada"]
[Site "Szklarska Poreba"]
[Date "1899-12-30"]
[Round "5.7"]
[White "Truty, Dominik"]
[Black "Majdanski, Maksymilian"]
[Result "0-1"]
[WhiteTitle "III"]
[BlackTitle "I"]
[WhiteElo "1177"]
[BlackElo "1778"]

1. e4 c5 2. Nf3 Nc6 3. d4 cxd4 4. Nxd4 Nf6 5. Nc3 e5 6. Ndb5 d6 7. Nd5 Nxd5 8.
exd5 Ne7 9. a4 Ng6 10. Be3 a6 11. Nc3 f5 12. g3 Be7 13. Qe2 O-O 14. f4 exf4 15.
gxf4 Bh4+ 16. Kd2 Re8 17. Rg1 Bd7 18. Qh5 Rxe3 19. Kxe3 Qb6+ 0-1

[Event "Druzynowe Mistrzostwa Polski Szkol - Licealiada"]
[Site "Szklarska Poreba"]
[Date "1899-12-30"]
[Round "5.10"]
[White "Kozak, Antoni"]
[Black "Fiedorek, Michal"]
[Result "1-0"]
[WhiteTitle "m"]
[BlackTitle "FM"]
[WhiteElo "2236"]
[BlackElo "1787"]

1. e4 c5 2. Be2 Nc6 3. f4 g6 4. Nf3 Bg7 5. c3 d5 6. d3 e6 7. Be3 b6 8. Bf2 Nge7
9. Nbd2 Bb7 10. e5 Qc7 11. d4 cxd4 12. cxd4 Rc8 13. Rc1 Qd7 14. h4 h5 15. Ng5
Nf5 16. Nb3 Qe7 17. a3 Qd7 18. Rh3 f6 19. exf6 Bxf6 20. Rhc3 O-O 21. Nf3 Qe7 22.
g3 Qd7 23. Bb5 a6 24. Bd3 Kg7 25. Ne5 Nxe5 26. dxe5 Bd8 27. Bxf5 Rxf5 28. Nd4
Rf8 29. Rxc8 Bxc8 30. Rc6 Re8 31. g4 Bb7 32. Rc3 Qf7 33. Qf3 Rh8 34. gxh5 Rxh5
35. Qg4 Rf5 36. h5 g5 37. h6+ Kh7 38. Nxf5 exf5 39. Qg3 d4 40. Bxd4 Qd5 41. Qf2
Qe4+ 42. Kd2 gxf4 43. Bxb6 Qd5+ 44. Rd3 Bxb6 45. Qxb6 Qg2+ 46. Kc3 Qc6+ 47. Qxc6
Bxc6 48. Kd2 1-0

[Event "Druzynowe Mistrzostwa Polski Szkol - Licealiada"]
[Site "Szklarska Poreba"]
[Date "1899-12-30"]
[Round "5.11"]
[White "Lewandowski, Wiktor"]
[Black "Dzwierzynski, Bartosz"]
[Result "0-1"]
[WhiteTitle "I"]
[BlackTitle "I"]
[WhiteElo "1617"]
[BlackElo "1906"]

1. e4 c5 2. Nf3 d6 3. d4 cxd4 4. Nxd4 Nf6 5. Nc3 g6 6. g3 Bg7 7. Bg2 O-O 8. O-O
Nc6 9. Nde2 Rb8 10. a4 a6 11. h3 b5 12. axb5 axb5 13. Be3 b4 14. Nd5 Ne5 15. Bd4
Nxd5 16. exd5 Qc7 17. c3 bxc3 18. bxc3 Nd7 19. Bxg7 Kxg7 20. Qd4+ Kg8 21. Rfc1
Nc5 22. Qc4 Bf5 23. Nd4 Bd3 24. Qa2 Rb7 25. Re1 Qb6 26. Nc6 Re8 27. Nb4 Qb5 28.
Nxd3 Qxd3 29. c4 Reb8 30. Bf1 Qf5 31. g4 Qf4 32. Rab1 Kg7 33. Rxb7 Rxb7 34. Rb1
Rxb1 35. Qxb1 Qd4 36. Qc2 Nd7 37. Qd3 Qxd3 38. Bxd3 g5 39. f3 h6 40. Kf2 Kf6 41.
Ke3 Ke5 42. Bf1 Nc5 43. Be2 Nd7 44. Bf1 Nf8 45. Bd3 Ng6 46. Be2 Nf4 47. Bf1 e6
48. dxe6 fxe6 49. Kf2 Kd4 50. Kg3 d5 51. cxd5 exd5 52. h4 Ke3 53. hxg5 hxg5 54.
Bb5 d4 55. Bc4 d3 56. Bxd3 Kxd3 57. Kf2 Kd2 58. Kg3 Ke2 0-1